1985 Pop Songs by Artist and Lyric - Statistics

General Stats
  • This quiz has been taken 531 times
    441 since last reset
  • The average score is 9 of 21
Answer Stats
Lyric Artist Song Title % Correct
Talking away / I don't know I'm to say / I'll say it anyway A-ha Take on Me
91%
I'm never gonna dance again / Guilty feet have got no rhythm George Michael Careless Whisper
81%
There's a choice we're making / We're saving our own lives / It's true we'll make a better day / Just you and me USA for Africa We Are the World
76%
These are the things I can do without / Come on, I'm talking to you Tears for Fears Shout
69%
In my life there's been heartache and pain / I don't know if I can face it again Foreigner I Want to Know What Love Is
66%
Of freedom and of pleasure / Nothing ever lasts forever Tears for Fears Everybody Wants to Rule the World
63%
He got the action / He got the motion / Yeah, the boy can play Dire Straits Walk of Life
57%
It's strong and it's sudden and it's cruel sometimes, but it might just save your life Huey Lewis and the News The Power of Love
55%
There's a girl that's been on my mind all the time Phil Collins Sussudio
44%
Put me in, coach / I'm ready to play today John Fogerty Centerfield
36%
I've wasted all my tears / Wasted all those years / Nothing had the chance to be good / Nothing ever could, yeah Simply Red Holding Back the Years
35%
Like New Orleans! Detroit City! Dallas! Pittsburgh, PA! New York City! Kansas City! Atlanta! Chicago! And L.A.! James Brown Living in America
34%
Girl, I can't understand it / Why you wanna hurt me? / After all of the things I've done for you Eddie Murphy Party All the Time
33%
Here we are hanging on the strains of greed and blues / Break the chain and we break down / Oh it's not real if you don't feel it Cyndi Lauper The {Goonies} 'R' Good Enough
26%
No time is a good time for goodbyes Starship Sara
24%
Darkness on the edge / Shadows where I stand / I search for the time / On a watch with no hands Heart These Dreams
21%
If I ever catch up with you / I'm gonna love you for the rest of your life Mike and the Mechanics All I Need Is a Miracle
20%
I can't come out to find you / I don't like to go outside / They can't turn off my feelings / Like they're turning off the light / But I, I don't mind Phil Collins Take Me Home
19%
Boys will be boys Miami Sound Machine Bad Boy
18%
But making mistakes is a part of life's imperfections / Born of the years, is it so wrong to be human after all? Level 42 Something About You
16%
Too long ago / Too long apart / She couldn't wait another day for Double Captain of Her Heart
15%
No matching quizzes found
Score Distribution
Percent of People with Each Score
Percentile by Number Answered
Your Score History
You have not taken this quiz since the last reset